Instructor's manual to accompany Hilton : managerial accounting third edition

Αποθηκεύτηκε σε:
Λεπτομέρειες βιβλιογραφικής εγγραφής
Κύριος συγγραφέας: Hubbert, Margaret J.
Μορφή: Βιβλίο
Γλώσσα:English
Δημοσίευση: Boston : Irwin McGraw-Hill, c1997
Θέματα:
Ετικέτες: Προσθήκη ετικέτας
Δεν υπάρχουν, Καταχωρήστε ετικέτα πρώτοι!

MARC

LEADER 00000nam a2200000 i 4500
001 1/25104
008 981204s1997 eng d
020 |a 0070290032 
035 |l 10037253 
040 |a GR-MY-UA  |b gre  |e aacr 
041 0 |a eng 
082 0 |a 658.1511 
100 1 |a Hubbert, Margaret J. 
245 1 0 |a Instructor's manual to accompany Hilton :  |b managerial accounting third edition /  |c Margaret J. Hubbert 
260 |a Boston :   |b Irwin McGraw-Hill,   |c c1997 
300 |a ix, 228 p. 
500 |a Includes appendixes 
650 0 0 |a Managerial accounting. 
852 |a INST  |b CHIOS  |e 19981204  |h 658.1511 HUB  |p 005200015263  |q 005200015263  |t BK  |y 0 
901 |a BIBL-1998-3 
909 |a Χ  |b 060189 
922 |a 2ΕΛΗ  |b 199810  |c ΤΔΕ  |d ΠΑΠΑΣΩΤΗΡΙΟΥ